000 00580nam a2200169 4500
001 111016
003 ES-MaACL
005 20230906185226.0
007 t|
008 061121s1960 sp r ||||1| spa d
100 1 _aNavas, Emilio.
_985199
245 1 0 _aGestión del Ayuntamiento de Irún
_b: (índice de los acuerdos adoptados en el período de 1946 a 1958) /
_cEmilio Navas.
260 _aIrún :
_b[s. n.],
_c1960 (
_fGráf. San Marcial)
300 _a681 p., 12 lám. ;
_c27 cm +
_e2 pleg.
710 2 _aIrún.
_bAyuntamiento.
_95288
852 _aES-MaACL
_jC-18209
_bR.46379
999 _c111016
_d111016